| 000 | 00508nam a22001937a 4500 | ||
|---|---|---|---|
| 005 | 20240723095035.0 | ||
| 008 | 240723b |||||||| |||| 00| 0 eng d | ||
| 020 | _a0-07-250330-0 | ||
| 082 |
_a330 _bFRA-P |
||
| 100 | _aFrank, Robert.H | ||
| 245 |
_aPrinciples of Economics/ _cRobert H. Frank |
||
| 250 | _a2nd ed. | ||
| 260 |
_aNew York; _bMcGrah Hill; _c2004. |
||
| 300 |
_axl, 813 p.: _bill; _c28 cm. |
||
| 500 | _aInclude index. | ||
| 650 | _aEconomics | ||
| 700 | _aBen S. Bernanke | ||
| 999 |
_c36178 _d36178 |
||